[Event "44. Torneo Villa de Mislata - B"]
[Site "Mislata ESP"]
[Date "2010.08.19"]
[Round "5.8"]
[White "Gimenez Ruiz, Jesus"]
[Black "Sanchiz Marti, Josep Miquel"]
[Result "0-1"]
[WhiteElo "1805"]
[BlackElo "1993"]
[PlyCount "66"]
[EventDate "2010.08.16"]
[EventType "swiss"]
[EventRounds "9"]
[EventCountry "ESP"]
[Source "lmi"]
[SourceDate "2010.08.16"]

1. d4 g6 2. Nf3 Nf6 3. Bf4 d6 4. h3 Nbd7 5. e3 Bg7 6. c3 O-O 7. Bc4 a6 8. O-O
b5 9. Bb3 Bb7 10. Nbd2 c5 11. a4 Qc7 12. axb5 axb5 13. Qe2 Ra5 14. Bc2 Rfa8 15.
Nb3 Rxa1 16. Rxa1 Rxa1+ 17. Nxa1 c4 18. Bd1 Be4 19. Nc2 Nd5 20. Bg3 Qa5 21. Na3
Bd3 22. Qd2 N7f6 23. Qc1 Ne4 24. Ne1 Nxg3 25. Nxd3 cxd3 26. fxg3 Bh6 27. Kh2
Nxe3 28. Qb1 b4 29. cxb4 Qxb4 30. Qxd3 Qe1 31. Be2 Qf2 32. Bf3 Nf1+ 33. Kh1 Be3
0-1

[Event "44. Torneo Villa de Mislata - B"]
[Site "Mislata ESP"]
[Date "2010.08.19"]
[Round "5.9"]
[White "Alonso Igual, Ignacio"]
[Black "Grau Peris, Ruben"]
[Result "0-1"]
[WhiteElo "1854"]
[BlackElo "1991"]
[PlyCount "112"]
[EventDate "2010.08.16"]
[EventType "swiss"]
[EventRounds "9"]
[EventCountry "ESP"]
[Source "lmi"]
[SourceDate "2010.08.16"]

1. d4 d5 2. Bf4 Nf6 3. Nf3 Bf5 4. e3 c6 5. Bd3 Bg4 6. Nbd2 e6 7. h3 Bh5 8. c3
Bd6 9. Qb3 b6 10. Ne5 Bxe5 11. Bxe5 O-O 12. g4 Bg6 13. Bxg6 hxg6 14. O-O-O Qe7
15. Rdg1 Nbd7 16. h4 Nxe5 17. dxe5 Nd7 18. f4 Qc5 19. Rh3 Rfb8 20. g5 Kf8 21.
Qc2 Ke7 22. Nb3 Qc4 23. Nd4 Rc8 24. Qb3 Qxb3 25. Nxb3 c5 26. h5 gxh5 27. Rxh5
g6 28. Rh7 Rg8 29. Rgh1 a5 30. Nd2 b5 31. Nf3 Nb6 32. R1h6 Nc4 33. Nh4 Ke8 34.
Ng2 a4 35. Kc2 b4 36. cxb4 cxb4 37. Rh3 Rc8 38. Rg3 Nxe3+ 39. Kd2 Nxg2 40. Rxg2
b3 41. axb3 Rb8 42. Rgh2 Rxb3 43. Kc1 Ke7 44. Rc2 Rb7 45. Rc5 Rgb8 46. Rc2 Rb3
47. Rhh2 R8b7 48. Rhd2 a3 49. Kb1 Rxb2+ 50. Ka1 R2b4 51. Rf2 Ra7 52. Ka2 Raa4
53. Rc7+ Kf8 54. Rc8+ Kg7 55. Rh2 Rb2+ 56. Rxb2 axb2+ 0-1

[Event "44. Torneo Villa de Mislata - B"]
[Site "Mislata ESP"]
[Date "2010.08.19"]
[Round "5.11"]
[White "Mingarro Carceller, Sergi"]
[Black "Llamazares Lopez, Marcos"]
[Result "1-0"]
[WhiteElo "1826"]
[BlackElo "1923"]
[PlyCount "155"]
[EventDate "2010.08.16"]
[EventType "swiss"]
[EventRounds "9"]
[EventCountry "ESP"]
[Source "lmi"]
[SourceDate "2010.08.16"]

1. e4 c5 2. c3 d5 3. exd5 Qxd5 4. d4 Nc6 5. Nf3 Bg4 6. Be2 Rd8 7. Be3 cxd4 8.
cxd4 e6 9. O-O Nf6 10. Nc3 Qa5 11. Qb3 Qb4 12. Ne5 Nxe5 13. dxe5 Bxe2 14. Nxe2
Ng4 15. Bxa7 Qxb3 16. axb3 Nxe5 17. Bb6 Rc8 18. Ra7 Bd6 19. Rd1 Bb8 20. Rxb7
O-O 21. Nc3 Ng4 22. h3 Nf6 23. b4 Be5 24. Bd4 Bb8 25. Kf1 Rfd8 26. Ke2 h6 27.
Rd2 Bf4 28. Be3 Rxd2+ 29. Kxd2 Be5 30. Kd3 Nd5 31. Bd2 Nf4+ 32. Ke4 f6 33. Bxf4
Rc4+ 34. Kd3 Rxf4 35. f3 Rd4+ 36. Kc2 Bf4 37. Nb1 Rc4+ 38. Kb3 Rc1 39. Nc3 Be5
40. Rd7 Rg1 41. Rd2 Kf7 42. b5 Kg6 43. b6 Ra1 44. Na4 Rc1 45. Nc3 Ra1 46. Na2
Kf5 47. b7 Rb1 48. Re2 Bd6 49. g4+ Kf4 50. Rxe6 Bb8 51. Re8 Bd6 52. b8=Q Bxb8
53. Rxb8 Kxf3 54. Rg8 Kg3 55. Rxg7 Kxh3 56. Nc3 Rg1 57. Ne4 f5 58. Nf2+ Kh4 59.
Rg6 fxg4 60. Rxh6+ Kg3 61. Nxg4 Kf4 62. Nf2 Ke5 63. Rc6 Kd5 64. Rc2 Rg3+ 65.
Ka4 Rg1 66. b4 Ra1+ 67. Kb5 Ra8 68. Rc5+ Kd6 69. Ne4+ Kd7 70. Kc4 Ra4 71. Nc3
Ra1 72. b5 Rh1 73. b6 Rh4+ 74. Kb5 Rh2 75. Nd5 Rh8 76. Rc7+ Kd6 77. b7 Kxd5 78.
Rc8 1-0

[Event "44. Torneo Villa de Mislata - B"]
[Site "Mislata ESP"]
[Date "2010.08.19"]
[Round "6.1"]
[White "Romero Serrate, Ignacio"]
[Black "Olaru, Daniel"]
[Result "0-1"]
[WhiteElo "2033"]
[BlackElo "2067"]
[PlyCount "56"]
[EventDate "2010.08.16"]
[EventType "swiss"]
[EventRounds "9"]
[EventCountry "ESP"]
[Source "lmi"]
[SourceDate "2010.08.16"]

1. d4 g6 2. g3 Bg7 3. Bg2 d6 4. c4 Nd7 5. e4 c5 6. d5 Ngf6 7. Ne2 O-O 8. h3 a6
9. a4 Rb8 10. Na3 Nb6 11. Rb1 Bd7 12. b3 Na8 13. O-O b5 14. axb5 axb5 15. Bd2
Qc8 16. g4 Qa6 17. Qc1 bxc4 18. Nxc4 Bb5 19. Ra1 Qc8 20. Ra2 Nd7 21. f4 Nab6
22. Re1 Ra8 23. Rxa8 Qxa8 24. Bc3 Bxc4 25. bxc4 Qa2 26. Bxg7 Kxg7 27. Qc3+ Kg8
28. Rc1 Qxe2 0-1

[Event "44. Torneo Villa de Mislata - B"]
[Site "Mislata ESP"]
[Date "2010.08.19"]
[Round "6.2"]
[White "Martinez Villena, David"]
[Black "Rasskin Friederichs, Ivan"]
[Result "1-0"]
[WhiteElo "1971"]
[BlackElo "1905"]
[PlyCount "47"]
[EventDate "2010.08.16"]
[EventType "swiss"]
[EventRounds "9"]
[EventCountry "ESP"]
[Source "lmi"]
[SourceDate "2010.08.16"]

1. d4 Nf6 2. c4 g6 3. Nc3 Bg7 4. e4 O-O 5. f4 d6 6. Nf3 c5 7. d5 e6 8. Be2 exd5
9. cxd5 Re8 10. e5 dxe5 11. fxe5 Ng4 12. Bg5 Qa5 13. O-O Nxe5 14. d6 h6 15. Be7
Nbc6 16. Nxe5 Bxe5 17. Nd5 Nxe7 18. Nxe7+ Kg7 19. Bc4 f5 20. Qd5 Bd4+ 21. Kh1
Rf8 22. d7 Bxd7 23. Qxd7 Kf6 24. Qe6+ 1-0

[Event "44. Torneo Villa de Mislata - B"]
[Site "Mislata ESP"]
[Date "2010.08.19"]
[Round "6.3"]
[White "Capella Gimenez, Jose M"]
[Black "Sos Andreu, Erik"]
[Result "1-0"]
[WhiteElo "2095"]
[BlackElo "1940"]
[PlyCount "87"]
[EventDate "2010.08.16"]
[EventType "swiss"]
[EventRounds "9"]
[EventCountry "ESP"]
[Source "lmi"]
[SourceDate "2010.08.16"]

1. d4 Nf6 2. c4 g6 3. Nc3 Bg7 4. e4 d6 5. f3 O-O 6. Be3 e5 7. d5 Nh5 8. Qd2 f5
9. O-O-O f4 10. Bf2 Bf6 11. Qe1 Be7 12. g4 Nf6 13. h4 a5 14. Nh3 Ne8 15. g5 Ng7
16. Bg1 Nh5 17. Nf2 Na6 18. Ng4 b6 19. Bh3 Nc5 20. Bxc5 bxc5 21. Nh6+ Kg7 22.
Bxc8 Qxc8 23. Ng4 a4 24. Nb5 Qd7 25. Rh2 Rfb8 26. Qc3 Bd8 27. Nxe5 dxe5 28.
Qxe5+ Kg8 29. d6 cxd6 30. Rxd6 Qf7 31. Rd5 Be7 32. Nd6 Bxd6 33. Qxd6 Ng3 34.
Rxc5 Rc8 35. Rd2 Nf1 36. Rd4 Ne3 37. b3 axb3 38. axb3 Ra1+ 39. Kb2 Rca8 40. Rc7
Nd1+ 41. Rxd1 R8a2+ 42. Kc3 Rxd1 43. Rc8+ Kg7 44. Qe5+ 1-0

[Event "44. Torneo Villa de Mislata - B"]
[Site "Mislata ESP"]
[Date "2010.08.19"]
[Round "6.4"]
[White "Leon Colan, Carlos Edmundo"]
[Black "Garcia Martinez, Cesar"]
[Result "1-0"]
[WhiteElo "1926"]
[BlackElo "2035"]
[PlyCount "133"]
[EventDate "2010.08.16"]
[EventType "swiss"]
[EventRounds "9"]
[EventCountry "ESP"]
[Source "lmi"]
[SourceDate "2010.08.16"]

1. d4 Nf6 2. Nf3 g6 3. e3 Bg7 4. Bd3 c5 5. c3 cxd4 6. exd4 O-O 7. O-O d6 8. Re1
h6 9. Na3 a6 10. h3 b5 11. Bf4 Bb7 12. Nc2 Nd5 13. Bh2 Nd7 14. Qe2 Re8 15. Rad1
N7f6 16. Ne3 e6 17. Bc2 Qb6 18. a3 Rad8 19. Qd2 Nxe3 20. fxe3 Ne4 21. Bxe4 Bxe4
22. Qf2 a5 23. Nd2 Ba8 24. Rf1 Rd7 25. Kh1 Qb7 26. e4 b4 27. axb4 axb4 28. c4
Qa7 29. Bg1 Qa2 30. b3 d5 31. exd5 exd5 32. Rfe1 Rde7 33. Rxe7 Rxe7 34. c5 Bc6
35. Re1 Rxe1 36. Qxe1 Qc2 37. Qe3 Kh7 38. Bf2 Bf6 39. Nf3 Kg7 40. Be1 Qe4 41.
Qf2 g5 42. Bxb4 Qb1+ 43. Kh2 Qxb3 44. Ba5 Qb8+ 45. g3 Qe8 46. Bc7 Be7 47. g4 f6
48. Bg3 Qg6 49. Bd6 Bd8 50. Qa2 Qe8 51. Kg3 h5 52. Qb1 hxg4 53. hxg4 Bd7 54.
Qe1 Qf7 55. Qe3 Bb5 56. Qb3 Bd7 57. Qc2 Qe6 58. Nh2 Ba5 59. Kf3 Bb5 60. Bg3 Bc4
61. Kg2 Qa6 62. Qf5 Qb7 63. Nf3 Bb3 64. Be5 Bd8 65. Qxg5+ Kf7 66. Qh5+ Ke6 67.
Qf5+ 1-0

[Event "44. Torneo Villa de Mislata - B"]
[Site "Mislata ESP"]
[Date "2010.08.19"]
[Round "6.5"]
[White "Perez Garcia, Jose Miguel"]
[Black "Bravo Segura, Francisco Javier"]
[Result "1-0"]
[WhiteElo "1988"]
[BlackElo "1937"]
[PlyCount "81"]
[EventDate "2010.08.16"]
[EventType "swiss"]
[EventRounds "9"]
[EventCountry "ESP"]
[Source "lmi"]
[SourceDate "2010.08.16"]

1. d4 d5 2. Nf3 e6 3. c4 f5 4. g3 Nf6 5. Bg2 Be7 6. O-O O-O 7. b3 c6 8. Ba3 Ne4
9. e3 Nd7 10. Qc1 Kh8 11. Bxe7 Qxe7 12. Qa3 Qxa3 13. Nxa3 g5 14. Rfd1 g4 15.
Nd2 Ng5 16. b4 Nf6 17. Rab1 Nfe4 18. Rb2 Nxd2 19. Rdxd2 Ne4 20. Rdc2 Bd7 21. c5
Kg7 22. Nb1 h5 23. Nc3 Ng5 24. b5 Rae8 25. bxc6 Bxc6 26. Nb5 Bxb5 27. Rxb5 Rf7
28. Rcb2 Ree7 29. a4 Kf6 30. a5 a6 31. Rb6 Ne4 32. Bxe4 fxe4 33. c6 bxc6 34.
Rxc6 Rc7 35. Rxc7 Rxc7 36. Rb6 Rc1+ 37. Kg2 Kf5 38. Rxa6 Rc2 39. Ra8 Ra2 40. a6
e5 41. a7 1-0

[Event "44. Torneo Villa de Mislata - B"]
[Site "Mislata ESP"]
[Date "2010.08.19"]
[Round "6.6"]
[White "Martinez Hernandez, Javier"]
[Black "Martinez Piqueras, Carlos"]
[Result "0-1"]
[WhiteElo "1987"]
[BlackElo "2090"]
[PlyCount "66"]
[EventDate "2010.08.16"]
[EventType "swiss"]
[EventRounds "9"]
[EventCountry "ESP"]
[Source "lmi"]
[SourceDate "2010.08.16"]

1. d4 Nf6 2. Nd2 d5 3. Ngf3 e6 4. e3 b6 5. Bd3 Be7 6. O-O Bb7 7. Ne5 O-O 8. f4
c5 9. c3 Nbd7 10. g4 Ne4 11. Qf3 f5 12. g5 Nxe5 13. dxe5 c4 14. Bc2 b5 15. Rd1
Qc7 16. Bxe4 dxe4 17. Qe2 Rfd8 18. b3 Rd3 19. a4 Rxe3 20. Qxe3 Bc5 21. Nf1
Bxe3+ 22. Bxe3 cxb3 23. axb5 a5 24. b6 Qc8 25. Ra4 Qe8 26. Rc4 a4 27. Rc7 Ba6
28. Rdd7 Qxd7 29. Rxd7 Bxf1 30. Ra7 b2 31. Rxa8+ Kf7 32. b7 b1=Q 33. b8=Q Bb5+
0-1

[Event "44. Torneo Villa de Mislata - B"]
[Site "Mislata ESP"]
[Date "2010.08.19"]
[Round "6.7"]
[White "Diaz Benitez, Ricardo"]
[Black "Tormos Beltran, Xavier"]
[Result "1-0"]
[WhiteElo "2051"]
[BlackElo "1967"]
[PlyCount "51"]
[EventDate "2010.08.16"]
[EventType "swiss"]
[EventRounds "9"]
[EventCountry "ESP"]
[Source "lmi"]
[SourceDate "2010.08.16"]

1. d4 f5 2. e4 fxe4 3. Nc3 Nf6 4. Bg5 c6 5. f3 e3 6. Bxe3 g6 7. Qd2 Bg7 8. Bh6
O-O 9. h4 Nh5 10. Nge2 Qc7 11. O-O-O Ng3 12. Nxg3 Qxg3 13. Ne2 Qd6 14. h5 Qf6
15. hxg6 hxg6 16. Bg5 Qf7 17. Kb1 d5 18. Nc1 e5 19. Qe1 Re8 20. Qh4 Nd7 21.
Qh7+ Kf8 22. Bd3 e4 23. fxe4 dxe4 24. Bc4 Qxc4 25. Rdf1+ Nf6 26. Rxf6+ 1-0

[Event "44. Torneo Villa de Mislata - B"]
[Site "Mislata ESP"]
[Date "2010.08.19"]
[Round "6.8"]
[White "Orfali, Marcelo-Rafael"]
[Black "Segarra Martinez, Axel"]
[Result "1/2-1/2"]
[WhiteElo "2036"]
[BlackElo "1956"]
[PlyCount "139"]
[EventDate "2010.08.16"]
[EventType "swiss"]
[EventRounds "9"]
[EventCountry "ESP"]
[Source "lmi"]
[SourceDate "2010.08.16"]

1. e4 e6 2. d3 d5 3. Nd2 c5 4. Ngf3 Ne7 5. g3 g6 6. Bg2 Bg7 7. O-O Nbc6 8. Re1
O-O 9. Qe2 b6 10. e5 Qc7 11. Nf1 Bb7 12. Bf4 Nd4 13. Nxd4 cxd4 14. Rac1 Rac8
15. Nd2 Nc6 16. Nf3 b5 17. Qd2 Rfe8 18. c3 Qa5 19. Nxd4 Nxd4 20. cxd4 Qa4 21.
Rc5 Bf8 22. Rxc8 Rxc8 23. Rc1 Qxa2 24. Rxc8 Bxc8 25. Qc3 Bb7 26. h4 h5 27. Qc7
Qa6 28. Qb8 Bc8 29. Bf3 Qb7 30. Qxb7 Bxb7 31. Bd2 b4 32. Kf1 Be7 33. Bd1 Bc6
34. b3 Kf8 35. Ke1 Ke8 36. Be3 Kd7 37. Kd2 Kc7 38. Kc2 Bb5 39. f3 a5 40. Be2
Kb6 41. Bf2 f5 42. exf6 Bxf6 43. g4 a4 44. bxa4 Bxa4+ 45. Kb2 Ka5 46. f4 Be8
47. Bf3 Bf7 48. Kb3 Be7 49. Be1 Kb5 50. g5 Bd6 51. Bd2 Ka5 52. Bg2 Be8 53. Bh3
Bd7 54. Bc1 Be7 55. Bd2 Bf8 56. Be1 Kb5 57. Bd2 Bg7 58. Be3 Ka5 59. Bf2 Bc8 60.
Be3 Bd7 61. Bf2 Bf8 62. Be1 Bd6 63. Bd2 Kb5 64. Be3 Bc7 65. Bd2 Bb8 66. Be3 Ba7
67. Bf2 Ka5 68. Be3 Ba4+ 69. Kb2 Bd7 70. Kb3 1/2-1/2

[Event "44. Torneo Villa de Mislata - B"]
[Site "Mislata ESP"]
[Date "2010.08.19"]
[Round "6.9"]
[White "Sanchiz Marti, Josep Miquel"]
[Black "Perales Arona, Joaquin"]
[Result "1-0"]
[WhiteElo "1993"]
[BlackElo "1919"]
[PlyCount "75"]
[EventDate "2010.08.16"]
[EventType "swiss"]
[EventRounds "9"]
[EventCountry "ESP"]
[Source "lmi"]
[SourceDate "2010.08.16"]

1. g3 d5 2. Nf3 Nf6 3. d3 e6 4. Bg2 c5 5. Nbd2 Nc6 6. O-O Be7 7. a3 O-O 8. c3
a5 9. e4 Re8 10. e5 Nd7 11. Re1 f6 12. d4 fxe5 13. dxe5 b5 14. Nf1 Qb6 15. h4
Ba6 16. Bh3 Nf8 17. N1h2 d4 18. Ng5 Nd8 19. Qg4 h6 20. Ne4 Nf7 21. Nf6+ Bxf6
22. exf6 g6 23. h5 g5 24. Nf3 e5 25. Nxg5 hxg5 26. Bxg5 Bc8 27. Qh4 Bxh3 28. h6
Bf5 29. h7+ Nxh7 30. f4 exf4 31. gxf4 dxc3 32. bxc3 c4+ 33. Kh2 Qb7 34. Bh6
Nxh6 35. Qxh6 Qf7 36. Rg1+ Kh8 37. Rg7 Qxf6 38. Rxh7+ 1-0

[Event "44. Torneo Villa de Mislata - B"]
[Site "Mislata ESP"]
[Date "2010.08.19"]
[Round "6.10"]
[White "Grau Peris, Ruben"]
[Black "Mingarro Carceller, Sergi"]
[Result "1-0"]
[WhiteElo "1991"]
[BlackElo "1826"]
[PlyCount "119"]
[EventDate "2010.08.16"]
[EventType "swiss"]
[EventRounds "9"]
[EventCountry "ESP"]
[Source "lmi"]
[SourceDate "2010.08.16"]

1. d4 f5 2. Nf3 Nf6 3. g3 g6 4. Bg2 Bg7 5. O-O O-O 6. c3 Qe8 7. Bg5 d6 8. Nbd2
e5 9. Bxf6 Bxf6 10. Qb3+ Kh8 11. dxe5 dxe5 12. e3 e4 13. Nd4 Nd7 14. Ne6 c6 15.
Nxf8 Qxf8 16. Qc2 c5 17. Rad1 Ne5 18. Nb3 b6 19. Nc1 Ba6 20. Rfe1 Qh6 21. Rd2
Nc4 22. Rd7 Ne5 23. Rd6 Be7 24. Rd5 Bf6 25. h3 Bc4 26. Rd2 Be7 27. b3 Bf7 28.
Bxe4 Re8 29. Bg2 Bf6 30. Nd3 Nxd3 31. Rxd3 g5 32. Rd6 Be6 33. c4 Be5 34. Rd2
Qf6 35. f4 gxf4 36. exf4 Bc3 37. Rde2 Bxe1 38. Rxe1 Rg8 39. Re3 Rd8 40. Re5 Rd4
41. Qe2 Bg8 42. Re8 Rd7 43. Bd5 Rg7 44. Kh2 Qg6 45. Qe3 h5 46. Bxg8 Rxg8 47.
Qe5+ Kh7 48. Re7+ Rg7 49. Qxg7+ Qxg7 50. Rxg7+ Kxg7 51. g4 hxg4 52. hxg4 fxg4
53. Kg3 Kf6 54. Kxg4 Kg6 55. f5+ Kf6 56. Kf4 Kf7 57. Ke5 Ke7 58. Kd5 Kf6 59.
Kc6 Kxf5 60. Kb7 1-0

[Event "44. Torneo Villa de Mislata - B"]
[Site "Mislata ESP"]
[Date "2010.08.20"]
[Round "7.2"]
[White "Capella Gimenez, Jose M"]
[Black "Perez Garcia, Jose Miguel"]
[Result "1/2-1/2"]
[WhiteElo "2095"]
[BlackElo "1988"]
[PlyCount "30"]
[EventDate "2010.08.16"]
[EventType "swiss"]
[EventRounds "9"]
[EventCountry "ESP"]
[Source "lmi"]
[SourceDate "2010.08.16"]

1. d4 Nf6 2. c4 e6 3. Nc3 Bb4 4. e3 b6 5. Bd3 Bb7 6. Nf3 Ne4 7. O-O Bxc3 8.
bxc3 f5 9. d5 exd5 10. cxd5 O-O 11. c4 Na6 12. Bb2 Nac5 13. Bc2 a5 14. Qd4 Qf6
15. Qxf6 Nxf6 1/2-1/2

[Event "44. Torneo Villa de Mislata - B"]
[Site "Mislata ESP"]
[Date "2010.08.20"]
[Round "7.3"]
[White "Martinez Piqueras, Carlos"]
[Black "Leon Colan, Carlos Edmundo"]
[Result "1-0"]
[WhiteElo "2090"]
[BlackElo "1926"]
[PlyCount "85"]
[EventDate "2010.08.16"]
[EventType "swiss"]
[EventRounds "9"]
[EventCountry "ESP"]
[Source "lmi"]
[SourceDate "2010.08.16"]

1. e4 e6 2. d4 d5 3. Nd2 c6 4. Ngf3 dxe4 5. Nxe4 Nf6 6. Nxf6+ Qxf6 7. Bd3 h6 8.
Qe2 Bd6 9. O-O Nd7 10. b3 Qe7 11. Bb2 Nf6 12. c4 Bd7 13. Ne5 O-O-O 14. Bc3 h5
15. b4 Ng4 16. g3 Nxe5 17. dxe5 Bxb4 18. Bxb4 Qxb4 19. Rab1 Qc5 20. Qb2 b6 21.
a4 Kc7 22. a5 Ra8 23. Be4 Rad8 24. Rfd1 Bc8 25. Rd6 Bb7 26. a6 Ba8 27. Rbd1 f6
28. Rxd8 Rxd8 29. Rxd8 Kxd8 30. exf6 gxf6 31. Qxf6+ Qe7 32. Qh8+ Qe8 33. Qh7
Qd7 34. Qh8+ Qe8 35. Qh7 Qd7 36. Qxh5 Qd4 37. Qh4+ Kc7 38. Qf4+ Qd6 39. Qf7+
Qd7 40. Qxd7+ Kxd7 41. h4 Kd6 42. h5 Ke5 43. h6 1-0

[Event "44. Torneo Villa de Mislata - B"]
[Site "Mislata ESP"]
[Date "2010.08.20"]
[Round "7.4"]
[White "Sanchiz Marti, Josep Miquel"]
[Black "Diaz Benitez, Ricardo"]
[Result "1-0"]
[WhiteElo "1993"]
[BlackElo "2051"]
[PlyCount "71"]
[EventDate "2010.08.16"]
[EventType "swiss"]
[EventRounds "9"]
[EventCountry "ESP"]
[Source "lmi"]
[SourceDate "2010.08.16"]

1. g3 d5 2. Nf3 Nf6 3. Bg2 Bf5 4. d3 e6 5. Nbd2 Be7 6. O-O O-O 7. c4 c6 8. b3
h6 9. Bb2 Nbd7 10. Rc1 a5 11. a3 Bh7 12. Qc2 Re8 13. Rfe1 Bd6 14. Rcd1 Qe7 15.
Qc1 e5 16. e4 Nc5 17. Qc2 dxe4 18. Nxe4 Nfxe4 19. dxe4 f6 20. b4 axb4 21. axb4
Ne6 22. c5 Bc7 23. Qc4 Kh8 24. Nh4 b5 25. Qb3 Nf8 26. Nf5 Qe6 27. Qxe6 Rxe6 28.
Ra1 Ree8 29. Rxa8 Rxa8 30. Ra1 Rxa1+ 31. Bxa1 Bg8 32. Ne7 Bc4 33. Nxc6 Ne6 34.
Bf1 Ng5 35. Bxc4 bxc4 36. b5 1-0

[Event "44. Torneo Villa de Mislata - B"]
[Site "Mislata ESP"]
[Date "2010.08.20"]
[Round "7.5"]
[White "Rasskin Friederichs, Ivan"]
[Black "Romero Serrate, Ignacio"]
[Result "0-1"]
[WhiteElo "1905"]
[BlackElo "2033"]
[PlyCount "76"]
[EventDate "2010.08.16"]
[EventType "swiss"]
[EventRounds "9"]
[EventCountry "ESP"]
[Source "lmi"]
[SourceDate "2010.08.16"]

1. e4 e5 2. Nf3 Nc6 3. Bb5 a6 4. Ba4 Nf6 5. O-O b5 6. Bb3 Bc5 7. Nxe5 Nxe5 8.
d4 Bxd4 9. Qxd4 d6 10. a4 c5 11. Qd1 c4 12. Ba2 Bb7 13. f3 Qb6+ 14. Kh1 h6 15.
Nc3 O-O 16. Qe1 b4 17. Be3 Qc7 18. Ne2 d5 19. Qxb4 dxe4 20. f4 Nd5 21. Qc5 Qxc5
22. Bxc5 Rfc8 23. Bg1 Ng4 24. Ng3 Nb4 25. Nf5 Rd8 26. h3 Nxa2 27. Rxa2 Nf6 28.
Bd4 Nd5 29. c3 f6 30. b3 cxb3 31. Rb2 Bc6 32. Rxb3 Bxa4 33. Rb7 Rd7 34. Rfb1
Rad8 35. Rxd7 Rxd7 36. Rb8+ Kh7 37. g3 g6 38. Nh4 Kg7 0-1

[Event "44. Torneo Villa de Mislata - B"]
[Site "Mislata ESP"]
[Date "2010.08.20"]
[Round "7.6"]
[White "Bravo Segura, Francisco Javier"]
[Black "Echeverria, Nestor"]
[Result "1/2-1/2"]
[WhiteElo "1937"]
[BlackElo "2055"]
[PlyCount "59"]
[EventDate "2010.08.16"]
[EventType "swiss"]
[EventRounds "9"]
[EventCountry "ESP"]
[Source "lmi"]
[SourceDate "2010.08.16"]

1. d4 Nf6 2. Nf3 e6 3. c4 Bb4+ 4. Bd2 Qe7 5. Nc3 Nc6 6. g3 O-O 7. Bg2 e5 8.
dxe5 Nxe5 9. Nxe5 Qxe5 10. Qb3 Bc5 11. O-O d6 12. Bf4 Qh5 13. h4 Re8 14. Bf3
Qg6 15. Nd5 Nxd5 16. cxd5 Bh3 17. Rfe1 Bb6 18. e4 Re7 19. Qc3 h5 20. e5 dxe5
21. Rxe5 Rae8 22. Bxh5 Bxf2+ 23. Kxf2 Qb6+ 24. Re3 Rxe3 25. Bxe3 Rxe3 26. Qxe3
Qxb2+ 27. Kf3 Bg2+ 28. Kg4 f5+ 29. Kf4 Qxa1 30. Qe6+ 1/2-1/2

[Event "44. Torneo Villa de Mislata - B"]
[Site "Mislata ESP"]
[Date "2010.08.20"]
[Round "7.7"]
[White "Sos Andreu, Erik"]
[Black "Orfali, Marcelo-Rafael"]
[Result "0-1"]
[WhiteElo "1940"]
[BlackElo "2036"]
[PlyCount "96"]
[EventDate "2010.08.16"]
[EventType "swiss"]
[EventRounds "9"]
[EventCountry "ESP"]
[Source "lmi"]
[SourceDate "2010.08.16"]

1. c4 b6 2. Nc3 Bb7 3. Nf3 g6 4. g3 Bg7 5. Bg2 e6 6. O-O Ne7 7. d4 O-O 8. e4 d6
9. Be3 h6 10. Rc1 Nd7 11. Nh4 c5 12. f4 cxd4 13. Bxd4 e5 14. Be3 exf4 15. gxf4
Nd5 16. Nxd5 Qxh4 17. Bd4 Bxd5 18. Bxg7 Kxg7 19. Qxd5 Nf6 20. Qd4 Kh7 21. Rf3
Rae8 22. Rh3 Rxe4 23. Bxe4 Qxh3 24. Qxf6 Qe3+ 25. Kg2 Qxe4+ 26. Kf2 Qd3 27. Re1
Qxc4 28. Qxd6 Kg8 29. b3 Qc8 30. Qe5 Rd8 31. Re2 Rd3 32. Qb5 Qh3 33. Ke1 Qf3
34. Qe8+ Kg7 35. Qe5+ Kh7 36. Qe4 Qxe4 37. Rxe4 Rh3 38. Re2 Rf3 39. Re4 Kg7 40.
Re7 a5 41. Rb7 Rh3 42. Rxb6 Rxh2 43. a3 Rb2 44. Rb5 h5 45. f5 g5 46. Kd1 h4 47.
Kc1 Ra2 48. Kb1 Rf2 0-1

[Event "44. Torneo Villa de Mislata - B"]
[Site "Mislata ESP"]
[Date "2010.08.20"]
[Round "7.8"]
[White "Garcia Martinez, Cesar"]
[Black "Aguilar Guillamont, Jesus"]
[Result "0-1"]
[WhiteElo "2035"]
[BlackElo "1943"]
[PlyCount "54"]
[EventDate "2010.08.16"]
[EventType "swiss"]
[EventRounds "9"]
[EventCountry "ESP"]
[Source "lmi"]
[SourceDate "2010.08.16"]

1. e4 e5 2. Nf3 Nf6 3. Nxe5 d6 4. Nf3 Nxe4 5. d4 d5 6. Bd3 Be7 7. O-O O-O 8. c4
Nf6 9. Nc3 dxc4 10. Bxc4 c6 11. h3 Nbd7 12. Re1 Nb6 13. Bb3 Nbd5 14. Qe2 Bb4
15. Qd3 Ne7 16. Bg5 Bf5 17. Qc4 Bxc3 18. bxc3 Ned5 19. Re5 Qd7 20. Rae1 Bxh3
21. gxh3 Qxh3 22. Bxf6 gxf6 23. Rxd5 cxd5 24. Qxd5 Kh8 25. Nh2 Rg8+ 26. Kh1 Rg6
27. Re3 Rag8 0-1

[Event "44. Torneo Villa de Mislata - B"]
[Site "Mislata ESP"]
[Date "2010.08.20"]
[Round "7.9"]
[White "Remolar Gallen, Jose"]
[Black "Moya Sapena, Juan"]
[Result "1/2-1/2"]
[WhiteElo "1983"]
[BlackElo "1938"]
[PlyCount "99"]
[EventDate "2010.08.16"]
[EventType "swiss"]
[EventRounds "9"]
[EventCountry "ESP"]
[Source "lmi"]
[SourceDate "2010.08.16"]

1. d4 d6 2. e4 Nf6 3. Nc3 e5 4. Nf3 Nbd7 5. Bc4 Be7 6. O-O O-O 7. Re1 c6 8. a4
b6 9. b3 Bb7 10. Ba3 a6 11. Bf1 Re8 12. Qd2 Qc7 13. g3 Rac8 14. Bh3 Bf8 15.
Rad1 Rcd8 16. dxe5 dxe5 17. Bxf8 Nxf8 18. Qg5 h6 19. Qe3 Bc8 20. Bxc8 Rxd1 21.
Nxd1 Rxc8 22. Nb2 N8d7 23. Qc3 Re8 24. Nd3 a5 25. Nd2 Nh7 26. Nc4 Ng5 27. Kg2
f6 28. Ne3 g6 29. f3 Ne6 30. h4 h5 31. Rb1 Ndc5 32. Nxc5 Nxc5 33. b4 axb4 34.
Rxb4 Ra8 35. Qb2 Kh8 36. Rxb6 Rxa4 37. Rb8+ Kg7 38. Qb6 Qxb6 39. Rxb6 Ra6 40.
Rb8 Kf7 41. Rc8 Ne6 42. g4 Ra3 43. Kf2 Rc3 44. Rh8 Kg7 45. Ra8 Nd4 46. Ra7+ Kf8
47. Ra8+ Kg7 48. Ra7+ Kg8 49. Ra8+ Kg7 50. Ra7+ 1/2-1/2

[Event "44. Torneo Villa de Mislata - B"]
[Site "Mislata ESP"]
[Date "2010.08.20"]
[Round "7.10"]
[White "Folch Zaragoza, Jose"]
[Black "Zurita Garcia, Marcel"]
[Result "0-1"]
[WhiteElo "1968"]
[BlackElo "1767"]
[PlyCount "56"]
[EventDate "2010.08.16"]
[EventType "swiss"]
[EventRounds "9"]
[EventCountry "ESP"]
[Source "lmi"]
[SourceDate "2010.08.16"]

1. e4 c5 2. Nc3 Nc6 3. f4 g6 4. Nf3 Bg7 5. Bc4 d6 6. Ng5 e6 7. d3 Nge7 8. O-O
O-O 9. Qe1 d5 10. Bb3 b5 11. Nxb5 Qb6 12. exd5 exd5 13. c4 Nf5 14. Nc3 Nb4 15.
Na4 Qd6 16. cxd5 Nxd3 17. Ne4 Qe7 18. d6 Nxd6 19. Qg3 Qxe4 20. Nc3 Bxc3 21.
bxc3 c4 22. Bc2 Nf5 23. Qg5 Bb7 24. Bd2 Qe2 25. Bxd3 Qxd3 26. Rad1 Rad8 27. Qf6
Qc2 28. Rb1 Rxd2 0-1

[Event "44. Torneo Villa de Mislata - B"]
[Site "Mislata ESP"]
[Date "2010.08.21"]
[Round "8.1"]
[White "Olaru, Daniel"]
[Black "Martinez Villena, David"]
[Result "1/2-1/2"]
[WhiteElo "2067"]
[BlackElo "1971"]
[PlyCount "38"]
[EventDate "2010.08.16"]
[EventType "swiss"]
[EventRounds "9"]
[EventCountry "ESP"]
[Source "lmi"]
[SourceDate "2010.08.16"]

1. d4 d5 2. Nf3 Nf6 3. Bf4 c5 4. e3 Nc6 5. c3 Qb6 6. Qb3 c4 7. Qxb6 axb6 8. Na3
e6 9. Nb5 Kd7 10. Be2 h6 11. O-O Ne4 12. Rfd1 Nd6 13. Bxd6 Bxd6 14. b3 cxb3 15.
axb3 Ra5 16. Nd2 Ke7 17. b4 Rxa1 18. Rxa1 Bd7 19. Nb3 Rc8 1/2-1/2